| 000 -LEADER |
| fixed length control field |
01055cam a22002534a 4500 |
| 001 - CONTROL NUMBER |
| control field |
15135307 |
| 005 - DATE AND TIME OF LATEST TRANSACTION |
| control field |
20220930120731.0 |
| 008 - FIXED-LENGTH DATA ELEMENTS--GENERAL INFORMATION |
| fixed length control field |
080109s2009 paua b 001 0 eng |
| 020 ## - INTERNATIONAL STANDARD BOOK NUMBER |
| International Standard Book Number |
9781416031154 |
| 035 ## - SYSTEM CONTROL NUMBER |
| System control number |
(OCoLC)ocn190860094 |
| 041 ## - LANGUAGE CODE |
| Language code of text/sound track or separate title |
eng |
| 080 ## - UNIVERSAL DECIMAL CLASSIFICATION NUMBER |
| Universal Decimal Classification number |
612 B-78 |
| 100 ## - MAIN ENTRY--PERSONAL NAME |
| Personal name |
Boron, Walter F. |
| 9 (RLIN) |
8342 |
| 245 00 - TITLE STATEMENT |
| Title |
Medical physiology : |
| Remainder of title |
a cellular and molecular approach / |
| Statement of responsibility, etc. |
Walter F. Boron ; Emile L. Boulpaep ; edit. William Schmit. |
| 250 ## - EDITION STATEMENT |
| Edition statement |
2nd ed., International ed. |
| 264 ## - PRODUCTION, PUBLICATION, DISTRIBUTION, MANUFACTURE, AND COPYRIGHT NOTICE |
| Place of production, publication, distribution, manufacture |
Philadelphia, PA : |
| Name of producer, publisher, distributor, manufacturer |
Saunders/Elsevier, |
| Date of production, publication, distribution, manufacture, or copyright notice |
2009. |
| 300 ## - PHYSICAL DESCRIPTION |
| Extent |
1337 p. : |
| Other physical details |
ill. (chiefly col.) ; |
| Dimensions |
29 cm. |
| 653 ## - INDEX TERM--UNCONTROLLED |
| keyword |
სამედიცინო ფიზიოლოგია: ფიჭური და მოლეკულური მიდგომა |
| 653 ## - INDEX TERM--UNCONTROLLED |
| keyword |
მედიცინა |
| 700 1# - ADDED ENTRY--PERSONAL NAME |
| Personal name |
Boulpaep, Emile L. |
| 9 (RLIN) |
8347 |
| Relator term |
ავტორი |
| 700 1# - ADDED ENTRY--PERSONAL NAME |
| Personal name |
Schmit, William |
| 9 (RLIN) |
8348 |
| Relator term |
რედაქტორი |
| 856 41 - ELECTRONIC LOCATION AND ACCESS |
| Materials specified |
Table of contents only |
| Uniform Resource Identifier |
http://www.loc.gov/catdir/toc/ecip088/2008000942.html |
| 942 ## - ADDED ENTRY ELEMENTS (KOHA) |
| Source of classification or shelving scheme |
|
| Koha item type |
წიგნი |